000 00853cam a22002651 4500
001 ca 09000055
003 DLC
005 20260227111048.0
008 920519r19011901nyuf 000 0 eng
010 _aca 09000055
035 _a(OCoLC)25840924
040 _aDLC
_cCSt
_dCSt
_dDLC
042 _apremarc
050 0 0 _aQK1
_b.N515 no. 17
100 1 _aWhite, Violetta S.
245 0 4 _aThe Tylostomaceae of North America,
_cby V.S. White.
260 _aNew York,
_c1901.
300 _a421-444 p.
_b31-40 pl.
_c24 cm.
490 1 _aContributions from the New York Botanical Garden.
_vno. 17
500 _aCover-title.
500 _aReprinted from the Bulletin of the Torrey Botanical Club, 28. 27 Aug., 1901.
650 0 _aTylostomaceae.
650 0 _aFungi
_zNorth America.
830 0 _aContributions from the New York Botanical Garden.
_vv. 17.
999 _c13861
_d13861